[Event "XXVII OOM - Mistrzostwa Polski Juniorow Mlodszych - Chlopcy do lat 14"]
[Site "ApartHotel Termy Uniejow, ul. Termalna 1, 99-210 Uniejow"]
[Date "1899-12-30"]
[Round "8.25"]
[White "Nagly, Wojciech"]
[Black "Garwacki, Kornel"]
[Result "1-0"]
[WhiteTitle "II"]
[BlackTitle "I"]
[WhiteElo "1514"]
[BlackElo "1478"]

1. e4 e5 2. Nf3 Nc6 3. Bc4 Bc5 4. c3 Nf6 5. d4 exd4 6. cxd4 Bb4+ 7. Bd2 Bxd2+ 8.
Nbxd2 d5 9. exd5 Nxd5 10. O-O O-O 11. Rc1 Nb6 12. Bd3 Bg4 13. Qc2 h6 14. a3 Re8
15. h3 Be6 16. Bb5 Bd7 17. Nb3 a6 18. Bd3 Qf6 19. Bh7+ Kh8 20. Be4 Rxe4 21. Qxe4
Re8 22. Qh4 Qxh4 23. Nxh4 Re2 24. Nc5 Rxb2 25. Nxd7 Nxd7 26. d5 Nce5 27. Rxc7
Nf6 28. f4 Nd3 29. d6 Rd2 30. d7 1-0

[Event "XXVII OOM - Mistrzostwa Polski Juniorow Mlodszych - Chlopcy do lat 14"]
[Site "ApartHotel Termy Uniejow, ul. Termalna 1, 99-210 Uniejow"]
[Date "1899-12-30"]
[Round "8.26"]
[White "Urban, Szymon"]
[Black "Leszcz, Mateusz"]
[Result "0-1"]
[WhiteTitle "II"]
[BlackTitle "II"]
[WhiteElo "1312"]
[BlackElo "1386"]

1. e4 e5 2. Nf3 Nc6 3. Bc4 Bc5 4. c3 Nf6 5. d4 exd4 6. cxd4 Bb4+ 7. Bd2 Bxd2+ 8.
Nbxd2 d5 9. exd5 Nxd5 10. Qb3 Na5 11. Qa4+ c6 12. Be2 b6 13. O-O O-O 14. Rac1
Nf4 15. Rfe1 Bd7 16. Qd1 Rc8 17. Ba6 Rc7 18. Ne4 Bc8 19. Bxc8 Rxc8 20. b4 Nb7
21. Ne5 Qd5 22. Qf3 Ne6 23. Nxc6 Kh8 24. Ne7 Rxc1 25. Rxc1 Qxd4 26. Nc6 Qb2 27.
Re1 Nd4 28. Nxd4 Qxd4 29. h3 Qxb4 30. Re2 Qc4 31. Ng3 Nc5 32. Qc6 Qc1+ 33. Kh2
Qa3 34. Qd6 Kg8 35. Qd4 Qd3 36. Qe5 Qd7 37. Qg5 h6 38. Qf4 Ne6 39. Qe3 Qd4 40.
Qa3 a5 41. Ne4 Rd8 42. Qe7 Qe5+ 43. Ng3 Qd6 44. Qh4 b5 45. Re3 b4 46. Qc4 Qc7
47. Qb3 Ra8 48. Qb2 Rd8 49. Qe2 Qd6 50. Qc4 h5 51. h4 Qc7 52. Qe2 g6 53. Re5 Rd4
54. Re4 Qd6 55. Rxd4 Qxd4 56. Qf3 Qxh4+ 57. Kg1 Qg5 58. Ne4 Qc1+ 59. Kh2 Qf4+
60. Qxf4 Nxf4 61. Nc5 Nd5 62. Nd3 Nc3 63. Nc1 a4 64. Kg3 Nxa2 65. Nxa2 b3 66.
Nc3 a3 0-1

[Event "XXVII OOM - Mistrzostwa Polski Juniorow Mlodszych - Chlopcy do lat 14"]
[Site "ApartHotel Termy Uniejow, ul. Termalna 1, 99-210 Uniejow"]
[Date "1899-12-30"]
[Round "9.1"]
[White "Klimkowski, Jan"]
[Black "Malek, Jan"]
[Result "1-0"]
[WhiteTitle "FM"]
[BlackTitle "I++"]
[WhiteElo "2322"]
[BlackElo "2097"]

1. e4 d6 2. d4 Nf6 3. Nc3 e5 4. Nge2 Nbd7 5. h3 c6 6. g4 h6 7. Bg2 b5 8. a3 Nb6
9. O-O a5 10. Ng3 Be6 11. f4 Qc7 12. Kh1 Bc4 13. Rf2 Rd8 14. Be3 b4 15. axb4 axb4
16. Na4 Nbd7 17. b3 Ba6 18. c4 bxc3 19. Nxc3 Bb7 20. Qd2 Ra8 21. Raf1 Qa5 22.
fxe5 dxe5 23. dxe5 Nxe5 24. Nf5 Nfd7 25. Na4 Qxd2 26. Rxd2 h5 27. gxh5 Rxh5 28.
Rfd1 g6 29. Nd6+ Bxd6 30. Rxd6 Ba6 31. R6d2 Bc4 32. Nb2 Bxb3 33. Rc1 Be6 34. Bf4
Bxh3 35. Nd3 Bxg2+ 36. Kxg2 Nxd3 37. Rxd3 Ra2+ 38. Kg1 Nc5 39. Re3 Ne6 40. Bg3
Rc5 41. Rb1 Rb5 42. Rd1 c5 43. Be5 c4 44. Bf6 Rb3 45. Rxb3 cxb3 46. Rb1 Nc5 47.
Bd4 Nxe4 48. Rxb3 Kd7 49. Re3 Nd6 50. Bf6 Nf5 51. Rb3 Ke6 52. Bg5 Nd4 53. Rb6+
Kf5 54. Bd8 Ne6 55. Rb5+ Ke4 56. Bf6 Nf4 57. Rb7 Kf3 58. Rxf7 Re2 59. Be7 1-0

[Event "XXVII OOM - Mistrzostwa Polski Juniorow Mlodszych - Chlopcy do lat 14"]
[Site "ApartHotel Termy Uniejow, ul. Termalna 1, 99-210 Uniejow"]
[Date "1899-12-30"]
[Round "9.2"]
[White "Rog, Bartlomiej"]
[Black "Fiszer, Bartosz"]
[Result "0-1"]
[WhiteTitle "I++"]
[BlackTitle "CM"]
[WhiteElo "1867"]
[BlackElo "2216"]

1. e4 c5 2. Nf3 Nc6 3. Bb5 g6 4. O-O Bg7 5. Nc3 d6 6. Bxc6+ bxc6 7. e5 dxe5 8.
Re1 Qc7 9. d3 c4 10. dxc4 f5 11. Be3 e4 12. Bd4 Nf6 13. Be5 Qa5 14. Bxf6 Bxf6
15. Nd4 Qc5 16. Nb3 Qxc4 17. Qd2 O-O 18. Qe3 a5 19. Rad1 a4 20. Nd4 Qc5 21. b3
axb3 22. cxb3 Ba6 23. Na4 Qa7 24. Ne6 Qxe3 25. fxe3 Rfb8 26. Nc7 Ra7 27. Nxa6
Rxa6 28. Rd7 Kf7 29. Rc1 Be5 30. Rd2 Bd6 31. Rdc2 Ba3 32. Rd1 Ke8 33. Rd4 Rd8
34. Rdc4 Rd1+ 35. Kf2 Bd6 36. g3 Kd7 37. Rd4 Rxd4 38. exd4 Ra5 39. Nb6+ Kc7 40.
Nc4 Rd5 41. Ke3 e5 42. dxe5 Bxe5 43. Nxe5 Rxe5 44. Kf4 Kd6 45. g4 e3 46. Re2 fxg4
47. Re1 h5 48. a4 e2 49. Kg3 Re3+ 50. Kf2 Rxb3 51. Rxe2 Ra3 52. Re4 c5 53. Kg2
Kd5 54. Rf4 c4 55. Rf6 c3 0-1

[Event "XXVII OOM - Mistrzostwa Polski Juniorow Mlodszych - Chlopcy do lat 14"]
[Site "ApartHotel Termy Uniejow, ul. Termalna 1, 99-210 Uniejow"]
[Date "1899-12-30"]
[Round "9.3"]
[White "Janeczko, Jakub"]
[Black "Madej, Marek"]
[Result "0-1"]
[WhiteTitle "I++"]
[BlackTitle "I"]
[WhiteElo "1976"]
[BlackElo "1786"]

1. e4 c5 2. d3 e6 3. g3 d5 4. Nd2 Bd6 5. Bg2 Ne7 6. f4 Nbc6 7. Ngf3 O-O 8. O-O
b5 9. c3 a5 10. e5 Bc7 11. Qe2 a4 12. Kh1 Bb7 13. Rd1 Bb6 14. g4 Qd7 15. Nf1 f6
16. d4 fxe5 17. dxe5 b4 18. Ng3 Ba6 19. Qf2 a3 20. Ne4 axb2 21. Qxb2 Ng6 22. cxb4
Nxb4 23. Neg5 Ba7 24. Qb1 Rab8 25. Nxh7 Nd3 26. Qc2 c4 27. Nxf8 Rxf8 28. Rf1 Ngxf4
29. Ng5 Ng6 30. Rxf8+ Kxf8 31. Ba3+ Kg8 32. Rf1 Be3 33. h4 Qd8 34. Qa4 Bxg5 35.
Qxa6 Ngf4 36. hxg5 Qxg5 37. Rxf4 Nxf4 38. Qa5 Qh4+ 39. Kg1 Qg3 40. Qd2 c3 41.
Qc2 d4 42. Qe4 Nh3+ 0-1

[Event "XXVII OOM - Mistrzostwa Polski Juniorow Mlodszych - Chlopcy do lat 14"]
[Site "ApartHotel Termy Uniejow, ul. Termalna 1, 99-210 Uniejow"]
[Date "1899-12-30"]
[Round "9.4"]
[White "Pancewicz, Szymon"]
[Black "Wiatrowski, Zbigniew"]
[Result "1/2-1/2"]
[WhiteTitle "I+"]
[BlackTitle "I"]
[WhiteElo "1872"]
[BlackElo "1860"]

1. e4 c5 2. Nf3 Nc6 3. d4 cxd4 4. Nxd4 Nf6 5. Nc3 e5 6. Ndb5 d6 7. Bg5 a6 8. Na3
b5 9. Nd5 Be7 10. Bxf6 Bxf6 11. c4 b4 12. Nc2 a5 13. g3 Bg5 14. Bg2 O-O 15. O-O
Be6 16. Qd3 Rc8 17. f4 Bh6 18. Rad1 f6 19. b3 Kh8 20. Nde3 Qb6 21. Qxd6 Bf7 22.
Qd2 Bh5 23. Bf3 Bxf3 24. Rxf3 Rcd8 25. Qf2 exf4 26. gxf4 Nd4 27. Nxd4 Rxd4 28.
Nf1 Rfd8 29. Rxd4 Qxd4 30. Qxd4 Rxd4 31. Ng3 Rd1+ 32. Kf2 Rd2+ 33. Ke3 Rxa2 34.
h3 Ra3 35. Ke2 g6 36. c5 Ra1 37. Kd2 Bf8 38. c6 Bd6 39. Ne2 Ra2+ 40. Kd3 a4 41.
Nd4 axb3 42. Nxb3 Ra6 43. Nd4 Bc5 44. c7 Ra8 45. Ne6 Bd6 46. Rf1 Rc8 47. Rc1 b3
48. Rc6 Bxc7 49. Rxc7 Rb8 50. Rc1 b2 51. Rb1 Kg8 52. Nd4 Kf7 53. Kc3 Re8 54. Rxb2
Rxe4 55. Rf2 Re3+ 56. Kc4 Rxh3 57. Kd5 f5 58. Nf3 h6 59. Ne5+ Kf6 60. Ra2 g5 61.
Ra6+ Kg7 62. Ra7+ Kg8 63. Ke6 Rb3 64. Kxf5 gxf4 65. Ng4 Rb5+ 66. Kxf4 h5 67. Nf6+
Kf8 68. Rh7 Rb1 69. Nxh5 Rf1+ 70. Ke5 Re1+ 71. Kf5 Ke8 72. Nf6+ Kd8 73. Ne4 Kc8
74. Ke5 Kb8 75. Kd5 Rd1+ 76. Kc6 Rg1 77. Nd6 Rc1+ 78. Kb6 Rb1+ 79. Nb5 Kc8 80.
Kc6 Kd8 81. Kd6 Rd1+ 82. Ke5 Re1+ 83. Kd5 Rd1+ 84. Nd4 Ke8 85. Ke6 Re1+ 86. Kf6
Rf1+ 87. Nf5 Kd8 88. Ke5 Re1+ 89. Kd5 Rd1+ 90. Nd4 Ke8 91. Ke5 Kd8 92. Rh4 Kc7
93. Kd5 Kd7 94. Rh7+ Ke8 95. Ke6 Re1+ 96. Kd6 Rd1 97. Rh4 Kf7 98. Rf4+ Kg6 99.
Ke7 Ra1 100. Rf6+ Kg5 101. Ne6+ Kg4 102. Rf4+ Kg3 1/2-1/2

[Event "XXVII OOM - Mistrzostwa Polski Juniorow Mlodszych - Chlopcy do lat 14"]
[Site "ApartHotel Termy Uniejow, ul. Termalna 1, 99-210 Uniejow"]
[Date "1899-12-30"]
[Round "9.5"]
[White "Herwy, Jakub"]
[Black "Demski, Michal"]
[Result "1/2-1/2"]
[WhiteTitle "I+"]
[BlackTitle "I+"]
[WhiteElo "1916"]
[BlackElo "1768"]

1. e4 e5 2. Nc3 Nf6 3. f4 d5 4. fxe5 Nxe4 5. Qf3 f5 6. d3 Nxc3 7. bxc3 Be7 8. d4
O-O 9. Ne2 c6 10. Nf4 Qe8 11. h4 Qf7 12. Be2 b6 13. Qg3 g6 14. a4 Na6 15. Ba3
Nc7 16. O-O Bxa3 17. Rxa3 Ne6 18. a5 Nxf4 19. Qxf4 b5 20. Raa1 Be6 21. Rf3 Kg7
22. Kf2 Rg8 23. Ke3 h5 24. Kd2 Rh8 25. Rff1 Rad8 26. Qg5 Rde8 27. Rf3 Rh6 28.
Bd3 Kh7 29. Raf1 Rf8 30. Rf4 Qg7 31. R1f3 Rf7 32. Rg3 Re7 33. Be2 Rf7 34. Rf1
Re7 35. Bd3 Rf7 36. Qe3 Qf8 1/2-1/2

[Event "XXVII OOM - Mistrzostwa Polski Juniorow Mlodszych - Chlopcy do lat 14"]
[Site "ApartHotel Termy Uniejow, ul. Termalna 1, 99-210 Uniejow"]
[Date "1899-12-30"]
[Round "9.6"]
[White "Musial, Igor"]
[Black "Paszkowski, Krystian"]
[Result "0-1"]
[WhiteTitle "I"]
[BlackTitle "I+"]
[WhiteElo "1903"]
[BlackElo "1782"]

1. e4 c5 2. Nf3 Nc6 3. d4 cxd4 4. Nxd4 e5 5. Nb5 d6 6. c4 Be6 7. N1c3 a6 8. Na3
Nf6 9. Nc2 Rc8 10. b3 Be7 11. Bd3 O-O 12. O-O b5 13. cxb5 Na7 14. Bd2 Nxb5 15.
Nxb5 axb5 16. Ne3 Qb6 17. Qf3 Qd4 18. Nc2 Rxc2 19. Bxc2 Qxd2 20. Qd3 Qxd3 21.
Bxd3 b4 22. Rac1 Ra8 23. Rc7 Bf8 24. Rc2 Ra3 25. f3 g6 26. Re1 d5 27. Kf2 dxe4
28. Bxe4 Nd7 29. Rd1 Bc5+ 30. Ke2 Bd4 31. f4 Nf6 32. Bf3 Bf5 33. Rc4 Rxa2+ 34.
Kf1 Ng4 35. Bxg4 Bxg4 36. Rdxd4 exd4 37. Rxd4 Be6 38. Rxb4 Kg7 0-1

[Event "XXVII OOM - Mistrzostwa Polski Juniorow Mlodszych - Chlopcy do lat 14"]
[Site "ApartHotel Termy Uniejow, ul. Termalna 1, 99-210 Uniejow"]
[Date "1899-12-30"]
[Round "9.7"]
[White "Grot, Blazej"]
[Black "Wydmanski, Szymon"]
[Result "1-0"]
[WhiteTitle "CM"]
[BlackTitle "I"]
[WhiteElo "1786"]
[BlackElo "1697"]

1. e4 c5 2. Nf3 d6 3. Bb5+ Nd7 4. c3 a6 5. Ba4 b5 6. Bc2 Ngf6 7. O-O g6 8. d4 cxd4
9. cxd4 Bb7 10. Re1 Bg7 11. e5 dxe5 12. dxe5 Nd5 13. Nbd2 O-O 14. a4 Qc7 15. axb5
axb5 16. Rxa8 Rxa8 17. e6 fxe6 18. Ng5 Rc8 19. Bb3 Nf4 20. Ndf3 Qxc1 21. Qxd7
Qc6 22. Qxe7 Re8 23. Qf7+ Kh8 24. Qxf4 1-0

[Event "XXVII OOM - Mistrzostwa Polski Juniorow Mlodszych - Chlopcy do lat 14"]
[Site "ApartHotel Termy Uniejow, ul. Termalna 1, 99-210 Uniejow"]
[Date "1899-12-30"]
[Round "9.8"]
[White "Meers, Hubert"]
[Black "Jaworski, Tymon"]
[Result "1-0"]
[WhiteTitle "k"]
[BlackTitle "I"]
[WhiteElo "2037"]
[BlackElo "1616"]

1. e4 e5 2. Nf3 Nc6 3. Bc4 Bc5 4. c3 Nf6 5. d4 exd4 6. e5 d5 7. Bb5 Ne4 8. cxd4
Bb6 9. Nc3 O-O 10. Be3 Bg4 11. h3 Bh5 12. Qc2 Bg6 13. Qb3 Ne7 14. O-O c6 15. Bd3
Nxc3 16. Qxc3 Qd7 17. Bg5 Nf5 18. g4 Ne7 19. Nh4 Bxd3 20. Qxd3 c5 21. Nf5 Nxf5
22. dxc5 Bxc5 23. gxf5 Rfe8 24. Rfe1 g6 25. f6 Re6 26. Rad1 Rd8 27. Kg2 d4 28.
f4 Qd5+ 29. Kh2 Qxa2 30. f5 Rb6 31. e6 Rxb2+ 32. Rd2 Rxd2+ 33. Qxd2 Qxd2+ 34.
Bxd2 fxe6 35. fxe6 Rc8 36. Bh6 Bf8 37. f7+ Kh8 38. Bxf8 Rxf8 39. e7 Rxf7 40. e8=Q+
Kg7 41. Re7 d3 42. Qxf7+ 1-0

[Event "XXVII OOM - Mistrzostwa Polski Juniorow Mlodszych - Chlopcy do lat 14"]
[Site "ApartHotel Termy Uniejow, ul. Termalna 1, 99-210 Uniejow"]
[Date "1899-12-30"]
[Round "9.9"]
[White "Trzebinski, Patryk"]
[Black "Krawczyk, Flawian"]
[Result "0-1"]
[WhiteTitle "I+"]
[BlackTitle "I++"]
[WhiteElo "1609"]
[BlackElo "1984"]

1. e4 c5 2. Nf3 d6 3. c4 Nf6 4. Nc3 Bg4 5. Be2 Nc6 6. O-O g6 7. d3 Bxf3 8. Bxf3
Bg7 9. Be3 O-O 10. h4 Nd7 11. h5 Nd4 12. g4 e6 13. h6 Bh8 14. Bg2 Qh4 15. g5 f6
16. Qd2 Ne5 17. Bxd4 Ng4 18. Rfe1 cxd4 19. Nd1 fxg5 20. Kf1 Nh2+ 21. Kg1 g4 22.
Qe2 Nf3+ 23. Kf1 Qh2 0-1

[Event "XXVII OOM - Mistrzostwa Polski Juniorow Mlodszych - Chlopcy do lat 14"]
[Site "ApartHotel Termy Uniejow, ul. Termalna 1, 99-210 Uniejow"]
[Date "1899-12-30"]
[Round "9.10"]
[White "Duda, Szymon"]
[Black "Maslanka, Wojciech"]
[Result "0-1"]
[WhiteTitle "I"]
[BlackTitle "I"]
[WhiteElo "1413"]
[BlackElo "1943"]

1. d4 Nf6 2. c4 e6 3. Nf3 b6 4. Nc3 Bb7 5. e3 d5 6. Bd2 Bd6 7. Bd3 Nbd7 8. O-O
O-O 9. Re1 Ne4 10. Qc2 Ndf6 11. Rab1 a6 12. b4 Nxc3 13. Bxc3 dxc4 14. Bxc4 Ne4
15. Ba1 Qe7 16. Qb2 Ng5 17. Ne5 Be4 18. f4 Bxb1 19. Qxb1 f6 20. Nc6 Qd7 21. fxg5
Qxc6 22. Bxe6+ Kh8 23. d5 Qc4 24. gxf6 gxf6 25. Rf1 Be5 26. Rf3 c5 27. Rh3 Ra7
28. Bxe5 fxe5 29. Rh6 Qe2 30. h3 Qxe3+ 31. Kh2 Qxh6 32. Qe1 Qf4+ 33. Kg1 cxb4
34. d6 Qd4+ 35. Kh1 Qxd6 36. Bb3 Rg7 37. Qe2 a5 38. Qc4 Qc5 39. Qxc5 bxc5 40.
Bd5 Rc7 41. Bc4 Rf4 42. Be2 c4 43. Bd1 Rf1+ 44. Kh2 Rxd1 45. a4 Rg7 46. g4 Rd3
47. Kg2 Rf7 48. h4 Rff3 49. g5 e4 50. h5 Rd2+ 51. g6 0-1

[Event "XXVII OOM - Mistrzostwa Polski Juniorow Mlodszych - Chlopcy do lat 14"]
[Site "ApartHotel Termy Uniejow, ul. Termalna 1, 99-210 Uniejow"]
[Date "1899-12-30"]
[Round "9.11"]
[White "Kutowski, Marcel"]
[Black "Stanislawski, Karol"]
[Result "1/2-1/2"]
[WhiteTitle "I"]
[BlackTitle "I"]
[WhiteElo "1712"]
[BlackElo "1621"]

1. e4 c5 2. Nf3 Nc6 3. Nc3 g6 4. d4 cxd4 5. Nxd4 Bg7 6. Be3 Nf6 7. Bc4 Qa5 8. O-O
O-O 9. Bb3 d6 10. f3 Bd7 11. Qe2 Rfc8 12. Rad1 Ne5 13. Rfe1 a6 14. h3 b5 15. f4
Nc4 16. Bxc4 Rxc4 17. e5 Ne8 18. Nd5 e6 19. Nb3 Qxa2 20. Nb6 Rac8 21. Nxc8 Rxc8
22. Bd4 Qa4 23. Ra1 Qb4 24. Rxa6 Rxc2 25. Qxc2 Qxe1+ 26. Kh2 Bh6 27. g3 g5 28.
Qf2 Qd1 29. fxg5 Bxg5 30. Ra7 Nf6 31. Na5 Ne4 32. Qg2 d5 33. Rxd7 Nd2 34. h4 Nf3+
35. Kh3 Nxd4 36. Qf2 Qh1+ 37. Kg4 Qe4+ 38. Kh3 Qh1+ 1/2-1/2

[Event "XXVII OOM - Mistrzostwa Polski Juniorow Mlodszych - Chlopcy do lat 14"]
[Site "ApartHotel Termy Uniejow, ul. Termalna 1, 99-210 Uniejow"]
[Date "1899-12-30"]
[Round "9.12"]
[White "Klim, Filip"]
[Black "Nowak, Filip"]
[Result "1/2-1/2"]
[WhiteTitle "I++"]
[BlackTitle "I"]
[WhiteElo "2062"]
[BlackElo "1745"]

1. e4 c5 2. Nf3 e6 3. d4 cxd4 4. Nxd4 Nf6 5. Nc3 d6 6. f4 a6 7. Be2 Be7 8. O-O
O-O 9. Be3 Nc6 10. Kh1 Qc7 11. Qe1 Nxd4 12. Bxd4 b5 13. Qg3 Bb7 14. a3 Rad8 15.
Bf3 Bc6 16. Rfe1 Qb7 17. Rad1 g6 18. h4 a5 19. h5 b4 20. hxg6 fxg6 21. Nb1 d5
22. exd5 Bxd5 23. Rxe6 Bxf3 24. Qxf3 Qxf3 25. gxf3 Bc5 26. c3 bxc3 27. bxc3 Nh5
28. Re5 Bxd4 29. cxd4 Rxf4 30. Rxa5 Rdxd4 31. Rxd4 Rxd4 32. Nc3 Rd3 33. Ra8+ Kg7
34. Ra7+ Kh6 35. Ne4 Rxf3 36. Rxh7+ Kxh7 37. Ng5+ Kh6 38. Nxf3 Ng3+ 39. Kg2 Ne4
40. a4 Nc5 41. a5 Kg7 42. Ng5 Kf8 43. Kf3 Ke7 44. Ke3 Kd6 45. Ke4 Ke5+ 1/2-1/2

[Event "XXVII OOM - Mistrzostwa Polski Juniorow Mlodszych - Chlopcy do lat 14"]
[Site "ApartHotel Termy Uniejow, ul. Termalna 1, 99-210 Uniejow"]
[Date "1899-12-30"]
[Round "9.13"]
[White "Kejna, Piotr"]
[Black "Zalega, Maciej"]
[Result "0-1"]
[WhiteTitle "CM"]
[BlackTitle "I"]
[WhiteElo "1682"]
[BlackElo "1841"]

1. e4 c5 2. Nf3 Nc6 3. d4 cxd4 4. Nxd4 Nf6 5. Nc3 d6 6. Bc4 e6 7. Be3 Be7 8. Qe2
a6 9. O-O-O Nxd4 10. Bxd4 b5 11. Bb3 Bb7 12. a3 O-O 13. g4 b4 14. axb4 a5 15.
b5 a4 16. Bxf6 Bxf6 17. Nxa4 Rxa4 18. Bxa4 Qa5 19. b3 Qc3 20. Qd3 Qb2+ 21. Kd2
Rc8 22. Rb1 Bg5+ 23. Ke2 Rxc2+ 24. Kf3 Rxf2+ 25. Kg3 Rg2+ 26. Kh3 Rd2 27. Qf3
Qe5 28. Rbd1 Rc2 29. b6 Bxe4 30. Rde1 Rc3 31. Qg3 Rxg3+ 32. hxg3 h5 33. Re2 hxg4+
34. Kh2 Be3 0-1

[Event "XXVII OOM - Mistrzostwa Polski Juniorow Mlodszych - Chlopcy do lat 14"]
[Site "ApartHotel Termy Uniejow, ul. Termalna 1, 99-210 Uniejow"]
[Date "1899-12-30"]
[Round "9.14"]
[White "Maj, Samuel"]
[Black "Grzadka, Artur"]
[Result "1-0"]
[WhiteTitle "I"]
[BlackTitle "I"]
[WhiteElo "1670"]
[BlackElo "1536"]

1. d4 Nf6 2. c4 g6 3. f3 d5 4. cxd5 Nxd5 5. e4 Nb6 6. Nc3 Bg7 7. Be3 O-O 8. Qd2
e5 9. d5 c6 10. h4 Qd6 11. h5 Rd8 12. O-O-O N8d7 13. hxg6 Qxg6 14. g4 Nf8 15.
Bd3 Qd6 16. Bh6 Bd7 17. Nge2 Rac8 18. Kb1 Be8 19. Ng3 Bd7 20. Nf5 Bxf5 21. gxf5
Bxh6 22. Rxh6 f6 23. Rg1+ Kf7 24. Qg2 cxd5 25. Qg7+ Ke8 26. Bb5+ Nbd7 27. Nxd5
Rc6 28. Bxc6 bxc6 29. Rxf6 1-0

[Event "XXVII OOM - Mistrzostwa Polski Juniorow Mlodszych - Chlopcy do lat 14"]
[Site "ApartHotel Termy Uniejow, ul. Termalna 1, 99-210 Uniejow"]
[Date "1899-12-30"]
[Round "9.15"]
[White "Kazmierowski, Tymon"]
[Black "Pieczulis, Hubert"]
[Result "1-0"]
[WhiteTitle "I+"]
[BlackTitle "I"]
[WhiteElo "1782"]
[BlackElo "1445"]

1. Nf3 d5 2. d4 e6 3. c4 c6 4. Nbd2 f5 5. g3 Nf6 6. Bg2 Bd6 7. O-O O-O 8. b3 Nbd7
9. Bb2 Qe7 10. Ne5 Ne4 11. Ndf3 Ndf6 12. Rc1 Bd7 13. Qc2 Be8 14. Nd3 a5 15. Nfe5
Bh5 16. c5 Bc7 17. a3 Nd7 18. Nxd7 Qxd7 19. b4 g5 20. f3 Nf6 21. Ne5 Qg7 22. Qb3
g4 23. f4 Ne4 24. Bxe4 fxe4 25. bxa5 Bxa5 26. Bc3 Bxc3 27. Rxc3 Ra7 28. Qb2 Rfa8
29. Rb3 Be8 30. Rb1 h5 31. Rxb7 Rxb7 32. Qxb7 Qxb7 33. Rxb7 Rxa3 34. Rb8 Kf8 35.
Nxc6 e3 36. Ne5 Ra1+ 37. Kg2 Ra2 38. Rb3 Rxe2+ 39. Kf1 Rxh2 40. Rxe3 Bb5+ 41.
Ke1 Ke7 42. f5 Rh1+ 43. Kd2 exf5 44. Nxg4+ Kd8 45. Nf6 Bc4 46. Re8+ Kc7 47. Re5
Rh2+ 48. Ke3 Re2+ 49. Kf4 Rf2+ 50. Kg5 Rf3 51. Nxd5+ Bxd5 52. Rxd5 Rxg3+ 53. Kxh5
Rf3 54. Kg5 f4 55. Rf5 Rg3+ 56. Kxf4 Rd3 57. Ke4 Rd1 58. Kd5 Kd7 59. Rf7+ Ke8
60. Ra7 Kd8 61. Ke5 Rd2 62. d5 Re2+ 63. Kd6 Kc8 64. c6 Kb8 65. Re7 Rc2 66. Re8+
Ka7 67. c7 Kb7 68. Rb8+ Ka7 69. c8=Q Rc6+ 70. Qxc6 Kxb8 71. Qd7 Ka8 72. Kc6 Kb8
73. Qb7# 1-0

[Event "XXVII OOM - Mistrzostwa Polski Juniorow Mlodszych - Chlopcy do lat 14"]
[Site "ApartHotel Termy Uniejow, ul. Termalna 1, 99-210 Uniejow"]
[Date "1899-12-30"]
[Round "9.16"]
[White "Borowik, Wojciech"]
[Black "Krasniewski, Maciej"]
[Result "1-0"]
[WhiteTitle "I+"]
[BlackTitle "I"]
[WhiteElo "1736"]
[BlackElo "1572"]

1. d4 Nf6 2. Nf3 g6 3. c4 Bg7 4. g3 O-O 5. Bg2 d6 6. Nc3 c6 7. O-O Nbd7 8. Qc2
e5 9. Rd1 Qe7 10. e4 exd4 11. Nxd4 Nc5 12. Bf4 Rd8 13. b4 Ne6 14. Nxe6 Bxe6 15.
Qd3 Ne8 16. Rac1 Rd7 17. Ne2 Rad8 18. Nd4 d5 19. exd5 cxd5 20. c5 Bxd4 21. Qxd4
Ng7 22. Be5 Nf5 23. Qb2 d4 24. c6 bxc6 25. Bxc6 Bd5 26. Bxd7 Qxe5 27. Bc6 Qe4
28. Bxd5 Qxd5 29. Qb3 Qxb3 30. axb3 d3 31. Kg2 d2 32. Rc2 Rd3 33. Rdxd2 Rxb3 34.
Rc4 a6 35. Ra2 Nd6 36. Rc6 Nb5 37. Rcxa6 Rxb4 38. Rb6 Rb3 39. Ra8+ 1-0

[Event "XXVII OOM - Mistrzostwa Polski Juniorow Mlodszych - Chlopcy do lat 14"]
[Site "ApartHotel Termy Uniejow, ul. Termalna 1, 99-210 Uniejow"]
[Date "1899-12-30"]
[Round "9.17"]
[White "Malinowski, Szymon"]
[Black "Wieckowski, Michal"]
[Result "0-1"]
[WhiteTitle "I"]
[BlackTitle "I"]
[WhiteElo "1662"]
[BlackElo "1614"]

1. d4 f5 2. c4 Nf6 3. Nc3 g6 4. Nf3 Bg7 5. Bf4 O-O 6. e3 d6 7. Be2 Qe8 8. Qb3 h6
9. h4 Kh8 10. O-O-O a5 11. a4 Na6 12. d5 Nc5 13. Qc2 c6 14. b3 Bd7 15. Nd4 cxd5
16. cxd5 Rc8 17. Bc4 Nce4 18. Ndb5 Nxc3 19. Nxc3 Bxa4 20. Nxa4 b5 21. Nb2 bxc4
22. bxc4 Ne4 23. f3 Nc5 24. Nd3 Qd7 25. Kd2 Nxd3 26. Qxd3 Rc5 27. Rb1 Rfc8 28.
Rhc1 Qa4 29. Qb3 Qxb3 30. Rxb3 a4 31. Rb4 a3 32. Ra4 Kh7 33. Rc2 Bb2 34. Kd3 R8c7
35. e4 Rb7 36. exf5 gxf5 37. Bc1 Rb3+ 38. Ke2 Kg6 39. Bd2 Rc7 40. Ra6 Kg7 41.
h5 Rbb7 42. Be3 f4 43. Bxf4 Ra7 44. Rxa7 Rxa7 45. Bc1 Rb7 46. Kd2 Rb6 47. g4 a2
48. Bxb2+ Rxb2 49. Rxb2 a1=Q 50. Rc2 Kf6 51. Ke3 Qe5+ 52. Kd3 Qg3 53. Ke4 Kg5
54. Ke3 Qe5+ 55. Kd3 Qf4 56. Rf2 Kh4 57. Rf1 Kg3 58. Re1 Qg5 59. Re6 Kxf3 60.
Rg6 Qe3+ 61. Kc2 Qf4 62. Kb3 Ke3 63. g5 hxg5 64. h6 Qh4 65. Kc3 g4 66. Rg7 Qf6+
67. Kb3 Qxh6 68. Rxe7+ Kd4 0-1

[Event "XXVII OOM - Mistrzostwa Polski Juniorow Mlodszych - Chlopcy do lat 14"]
[Site "ApartHotel Termy Uniejow, ul. Termalna 1, 99-210 Uniejow"]
[Date "1899-12-30"]
[Round "9.18"]
[White "Kusiak, Mateusz"]
[Black "Rylski, Tadeusz"]
[Result "1-0"]
[WhiteTitle "I+"]
[BlackTitle "I"]
[WhiteElo "1634"]
[BlackElo "1644"]

1. e4 c5 2. Nf3 d6 3. d4 cxd4 4. Nxd4 Nf6 5. Nc3 a6 6. a4 e5 7. Nf3 Be6 8. Ng5
Bg4 9. f3 Bh5 10. Bc4 Be7 11. Be3 h6 12. Nh3 Qc7 13. Bb3 Nbd7 14. O-O Nc5 15.
Nf2 Nxb3 16. cxb3 Rd8 17. Rc1 Qd7 18. Nd3 O-O 19. Nb4 Rc8 20. Nbd5 Nxd5 21. Nxd5
Rxc1 22. Qxc1 Bg6 23. Qc4 Kh8 24. Nb6 Qd8 25. Qd5 Bg5 26. Bf2 Qc7 27. Nc4 Be7
28. Rd1 f5 29. Bb6 Qb8 30. Qe6 Qe8 31. Nxd6 Rf6 32. Qxf6 Bxf6 33. Nxe8 Bxe8 34.
exf5 Kg8 35. Bd8 Kf7 36. Bxf6 Kxf6 37. g4 Bc6 38. Rd6+ Kg5 39. Rg6+ Kf4 40. Rxg7
Kxf3 41. f6 1-0

[Event "XXVII OOM - Mistrzostwa Polski Juniorow Mlodszych - Chlopcy do lat 14"]
[Site "ApartHotel Termy Uniejow, ul. Termalna 1, 99-210 Uniejow"]
[Date "1899-12-30"]
[Round "9.19"]
[White "Zieba, Hubert"]
[Black "Gbiorczyk, Mikolaj"]
[Result "1/2-1/2"]
[WhiteTitle "I"]
[BlackTitle "II"]
[WhiteElo "1417"]
[BlackElo "1467"]

1. c4 e5 2. Nc3 Nc6 3. g3 g6 4. Bg2 Bg7 5. e3 Nge7 6. Nge2 d6 7. O-O O-O 8. h3
h6 9. Nd5 Nxd5 10. cxd5 Ne7 11. e4 f5 12. d3 Bd7 13. f4 Kh8 14. Be3 Ng8 15. Qd2
b6 16. Rac1 Rc8 17. Nc3 Qe7 18. Kh2 Kh7 19. Rce1 Rce8 20. d4 exd4 21. Bxd4 fxe4
22. Bxe4 Qf7 23. Bxg7 Qxg7 24. Bd3 Nf6 25. Bb5 Rxe1 26. Rxe1 Re8 27. Rxe8 Nxe8
28. Bxd7 Qxd7 29. Qd4 Qf7 30. Ne4 Qf5 31. Kg2 Kg8 32. b4 Qf7 33. a4 Qf5 34. b5
1/2-1/2

[Event "XXVII OOM - Mistrzostwa Polski Juniorow Mlodszych - Chlopcy do lat 14"]
[Site "ApartHotel Termy Uniejow, ul. Termalna 1, 99-210 Uniejow"]
[Date "1899-12-30"]
[Round "9.20"]
[White "Sniadecki, Oskar"]
[Black "Grzebieniowski, Michal"]
[Result "1-0"]
[WhiteTitle "I"]
[BlackTitle "I"]
[WhiteElo "1488"]
[BlackElo "1663"]

1. d4 Nf6 2. Bg5 Ne4 3. Bf4 d5 4. Nd2 Bf5 5. Ngf3 h6 6. e3 e6 7. Nxe4 Bxe4 8. Bd3
Bd6 9. Bxd6 cxd6 10. O-O O-O 11. Bxe4 dxe4 12. Nd2 d5 13. c4 Qb6 14. Rb1 Nc6 15.
b4 a6 16. a3 Rfd8 17. f3 dxc4 18. fxe4 Nxd4 19. Nxc4 Qa7 20. Qh5 Rf8 21. Kh1 Nc6
22. Rf3 b5 23. Nd6 Qe7 24. Qc5 Rad8 25. Rd1 Na7 26. e5 Nc8 27. e4 Qh4 28. Qc6
Qh5 29. Rdf1 Nxd6 30. exd6 Qe5 31. Rd1 Rb8 32. Rc3 Rfd8 33. Rc5 Qb2 34. Rc3 Qe2
35. Rdc1 Kh7 36. h3 h5 37. Rc5 Qd2 38. e5 f6 39. exf6 gxf6 40. Qe4+ Kh6 41. Rc7
Rg8 42. Rh7+ Kg5 43. h4# 1-0